Riconosci il Pokémon - Quiz n°217 - Statistics

Statistiche generali
  • Questo quiz è stato fatto 1 volte
  • Il punteggio medio è 10 su 10
Statistiche sulle risposte
Indizio Risposta % Corretto
Peso 150 kg
100%
Altezza 1,6 m
100%
Tasso di cattura 45 (11.9%)
100%
Sesso 87.5% ♂, 12.5% ♀
100%
Abilità Aiutofuoco; Temerarietà
100%
Pokémon Emboar
100%
Tipo Fuoco / Lotta
100%
Tasso di allevamento Medio-Lento
100%
Generazione Quinta
100%
Stadio evoluzione Seconda evoluzione
100%
Nessun quiz corrispondente trovato
Distribuzione punteggi
Percentuale di utenti per punteggio
Percentile per numero di risposta
I tuoi punteggi nel tempo
Non hai fatto questo quiz